Les muses dans l'antiquité - Statistiques

Statistiques générales
  • Ce quiz a été pris 73 fois
  • Le résultat moyen est 5 sur 9
Statistiques - réponses
Discipline Muse % Correct
Histoire Clio
96%
Poésie épique Calliope
65%
Poésie lyrique et érotique Erato
60%
Astronomie Uranie
60%
Tragédie et Chant Melpomène
56%
Danse Terpsichore
55%
Musique Euterpe
53%
Rhétorique et Eloquence Polymnie
47%
Comédie Thalie
45%
Aucun quiz correspondant
Distribution des résultats
% des personnes avec chaque résultat
Percentile par nombre de réponses
Votre historique - résultats
Vous n’avez pas pris ce quiz